[Event "DVM U10 2017"]
[Site "Magdeburg GER"]
[Date "2017.12.29"]
[Round "7"]
[White "Pietsch, Johann"]
[Black "Bungarten, Jona"]
[Result "0-1"]
[Termination "normal"]
[Board "3.1"]
[WhiteElo "1557"]
[BlackElo "1562"]
[WhiteClock "00:28:26"]
[BlackClock "00:49:42"]
[WhiteTeam "SV Roter Turm Halle 1"]
[BlackTeam "SF Brackel"]
[PlyCount "116"]
[WhiteFideId "12987000"]
[BlackFideId "16223608"]
[EventCountry "GER"]
[EventRounds "7"]
[EventType "team-swiss"]
[EventDate "2017.12.27"]

1. e4 {[%clk 0:59:58]} e5 {[%clk 0:59:57]} 2. Nf3 {[%clk 0:59:54]} Nc6 {[%clk
0:59:52]} 3. Bc4 {[%clk 0:59:49]} Nf6 {[%clk 0:59:48]} 4. Nc3 {[%clk 0:59:31]}
Nxe4 {[%clk 0:59:43]} 5. Nxe4 {[%clk 0:59:25]} d5 {[%clk 0:59:41]} 6. Bd3
{[%clk 0:59:16]} dxe4 {[%clk 0:59:37]} 7. Bxe4 {[%clk 0:59:04]} Bd6 {[%clk
0:59:36]} 8. b3 {[%clk 0:58:02]} O-O {[%clk 0:58:56]} 9. Bb2 {[%clk 0:57:38]}
Re8 {[%clk 0:58:24]} 10. O-O {[%clk 0:57:18]} Be6 {[%clk 0:58:02]} 11. Bxc6
{[%clk 0:56:39]} bxc6 {[%clk 0:57:55]} 12. Bxe5 {[%clk 0:56:28]} Bxe5 {[%clk
0:57:19]} 13. Nxe5 {[%clk 0:56:20]} Qd6 {[%clk 0:57:11]} 14. Re1 {[%clk
0:55:27]} Rad8 {[%clk 0:56:04]} 15. d3 {[%clk 0:51:37]} Bd5 {[%clk 0:55:30]}
16. Nf3 {[%clk 0:50:57]} Rxe1+ {[%clk 0:55:16]} 17. Qxe1 {[%clk 0:49:52]} Bxf3
{[%clk 0:54:14]} 18. gxf3 {[%clk 0:49:42]} Qf6 {[%clk 0:54:12]} 19. Rd1 {[%clk
0:45:43]} g6 {[%clk 0:53:09]} 20. Qe3 {[%clk 0:39:49]} Rd5 {[%clk 0:52:37]} 21.
f4 {[%clk 0:36:59]} Rf5 {[%clk 0:51:57]} 22. Qxa7 {[%clk 0:34:49]} Rxf4 {[%clk
0:51:51]} 23. Qb8+ {[%clk 0:34:33]} Kg7 {[%clk 0:51:43]} 24. Qxc7 {[%clk
0:33:57]} Rxf2 {[%clk 0:51:35]} 25. Qg3 {[%clk 0:32:13]} Rxc2 {[%clk 0:51:23]}
26. Rf1 {[%clk 0:31:27]} Qd4+ {[%clk 0:49:42]} 27. Kh1 {[%clk 0:28:26]} Rxa2
28. Qf3 Qd5 29. Qxd5 cxd5 30. Rf4 Rb2 31. b4 Rb3 32. Rd4 Kf6 33. Kg1 Ke5 34.
Rh4 h5 35. Kf2 Rxd3 36. h3 Rd4 37. Rxd4 Kxd4 38. b5 Kc5 39. Ke3 Kxb5 40. Kd4
Kc6 41. Ke5 Kc5 42. Kf6 d4 43. Kxf7 d3 44. Kxg6 d2 45. Kxh5 d1=Q+ 46. Kh4 Kd5
47. Kg5 Ke5 48. Kh4 Kf5 49. Kg3 Qh5 50. Kh2 Kf4 51. Kg2 Qf3+ 52. Kh2 Qg3+ 53.
Kh1 Qxh3+ 54. Kg1 Qf3 55. Kh2 Kg4 56. Kg1 Qe2 57. Kh1 Kg3 58. Kg1 Qg2# 0-1

[Event "DVM U10 2017"]
[Site "Magdeburg GER"]
[Date "2017.12.29"]
[Round "7"]
[White "Tomasjan, Samuel"]
[Black "Kageler, Anton Paul"]
[Result "1/2-1/2"]
[Termination "normal"]
[Board "3.2"]
[WhiteElo "1421"]
[BlackElo "1395"]
[WhiteClock "00:25:42"]
[BlackClock "00:21:57"]
[WhiteTeam "SF Brackel"]
[BlackTeam "SV Roter Turm Halle 1"]
[PlyCount "91"]
[WhiteFideId "16235584"]
[BlackFideId "16244850"]
[EventCountry "GER"]
[EventRounds "7"]
[EventType "team-swiss"]
[EventDate "2017.12.27"]

1. e4 {[%clk 1:00:00]} c5 {[%clk 0:59:55]} 2. Bc4 {[%clk 0:59:35]} e6 {[%clk
0:59:30]} 3. Nc3 {[%clk 0:59:19]} Nc6 4. Nf3 {[%clk 0:57:51]} g6 {[%clk
0:58:26]} 5. d4 {[%clk 0:57:30]} cxd4 {[%clk 0:58:18]} 6. Nxd4 {[%clk 0:57:22]}
Bg7 {[%clk 0:57:59]} 7. Be3 {[%clk 0:56:46]} Nge7 {[%clk 0:57:35]} 8. O-O
{[%clk 0:56:11]} O-O {[%clk 0:56:57]} 9. Nxc6 {[%clk 0:55:34]} Nxc6 {[%clk
0:56:42]} 10. Qd2 {[%clk 0:54:43]} a6 {[%clk 0:55:02]} 11. Bh6 {[%clk 0:54:25]}
b5 {[%clk 0:52:44]} 12. Be2 {[%clk 0:53:33]} Bb7 {[%clk 0:51:01]} 13. Rad1
{[%clk 0:52:17]} Bxh6 {[%clk 0:49:02]} 14. Qxh6 {[%clk 0:52:01]} Qc7 {[%clk
0:48:47]} 15. Rd3 {[%clk 0:51:38]} Rfd8 {[%clk 0:47:21]} 16. Rh3 {[%clk
0:51:29]} Qe5 {[%clk 0:45:01]} 17. Qxh7+ {[%clk 0:50:34]} Kf8 {[%clk 0:44:57]}
18. Rf3 {[%clk 0:50:11]} Qg7 {[%clk 0:44:11]} 19. Qxg7+ Kxg7 20. Rd3 {[%clk
0:48:05]} Nb4 {[%clk 0:42:20]} 21. Rd2 {[%clk 0:47:48]} d5 {[%clk 0:41:43]} 22.
a3 {[%clk 0:46:30]} Nc6 {[%clk 0:39:47]} 23. exd5 exd5 {[%clk 0:39:34]} 24.
Rxd5 {[%clk 0:45:52]} Rxd5 {[%clk 0:39:27]} 25. Nxd5 {[%clk 0:45:44]} Nd4
{[%clk 0:39:01]} 26. Bg4 {[%clk 0:44:42]} Bxd5 {[%clk 0:36:28]} 27. Rd1 {[%clk
0:44:25]} Re8 {[%clk 0:36:17]} 28. h3 {[%clk 0:43:50]} Ne2+ {[%clk 0:36:07]}
29. Bxe2 {[%clk 0:42:21]} Rxe2 {[%clk 0:35:41]} 30. Rxd5 {[%clk 0:42:20]} Rxc2
{[%clk 0:35:32]} 31. Rd6 {[%clk 0:42:07]} a5 {[%clk 0:35:09]} 32. a4 {[%clk
0:40:04]} Rxb2 {[%clk 0:34:19]} 33. axb5 {[%clk 0:39:34]} Rxb5 {[%clk 0:34:10]}
34. Ra6 {[%clk 0:39:25]} f5 {[%clk 0:33:40]} 35. f3 {[%clk 0:38:16]} f4 {[%clk
0:32:29]} 36. Kh2 {[%clk 0:37:48]} Kh6 {[%clk 0:32:17]} 37. h4 {[%clk 0:35:27]}
Kh5 {[%clk 0:31:04]} 38. Kh3 {[%clk 0:34:44]} g5 {[%clk 0:30:39]} 39. hxg5
{[%clk 0:34:25]} Kxg5 {[%clk 0:30:11]} 40. Ra8 {[%clk 0:34:10]} Kh5 {[%clk
0:26:04]} 41. Rh8+ {[%clk 0:30:40]} Kg5 {[%clk 0:25:33]} 42. Rg8+ {[%clk
0:30:00]} Kh5 {[%clk 0:23:36]} 43. Rh8+ {[%clk 0:28:51]} Kg5 {[%clk 0:23:09]}
44. g4 {[%clk 0:27:21]} fxg3 {[%clk 0:22:22]} 45. Kxg3 {[%clk 0:26:42]} Rb3
{[%clk 0:21:57]} 46. Ra8 {[%clk 0:25:42]} 1/2-1/2

[Event "DVM U10 2017"]
[Site "Magdeburg GER"]
[Date "2017.12.29"]
[Round "7"]
[White "Adelmeyer, Nelly"]
[Black "Butusov, Maxim"]
[Result "1-0"]
[Termination "normal"]
[Board "3.3"]
[WhiteElo "1416"]
[BlackElo "1034"]
[WhiteClock "00:46:17"]
[BlackClock "00:47:30"]
[WhiteTeam "SV Roter Turm Halle 1"]
[BlackTeam "SF Brackel"]
[PlyCount "107"]
[WhiteFideId "16203577"]
[BlackFideId "16264320"]
[EventCountry "GER"]
[EventRounds "7"]
[EventType "team-swiss"]
[EventDate "2017.12.27"]

1. e4 {[%clk 0:59:58]} e5 {[%clk 0:59:55]} 2. Nf3 {[%clk 0:59:55]} Nc6 {[%clk
0:59:49]} 3. d4 {[%clk 0:59:51]} d5 {[%clk 0:59:41]} 4. dxe5 {[%clk 0:59:13]}
dxe4 {[%clk 0:59:34]} 5. Qxd8+ {[%clk 0:59:07]} Nxd8 {[%clk 0:59:16]} 6. Ng5
{[%clk 0:58:58]} Bf5 {[%clk 0:58:53]} 7. Nc3 {[%clk 0:58:41]} Bb4 {[%clk
0:58:47]} 8. Bd2 {[%clk 0:58:32]} Bxc3 {[%clk 0:58:37]} 9. Bxc3 {[%clk
0:58:27]} f6 {[%clk 0:58:11]} 10. exf6 {[%clk 0:57:53]} gxf6 {[%clk 0:58:00]}
11. Nh3 {[%clk 0:57:43]} Bxh3 {[%clk 0:57:41]} 12. gxh3 {[%clk 0:57:39]} h5
{[%clk 0:57:17]} 13. Bg2 {[%clk 0:57:21]} Nc6 {[%clk 0:56:52]} 14. O-O-O {[%clk
0:57:07]} Rh6 {[%clk 0:56:36]} 15. Bxe4 {[%clk 0:56:56]} Nge7 {[%clk 0:56:10]}
16. Rhe1 {[%clk 0:56:16]} Rd8 {[%clk 0:55:23]} 17. Bxc6+ {[%clk 0:55:50]} bxc6
18. Rxd8+ {[%clk 0:54:46]} Kxd8 {[%clk 0:55:08]} 19. Re6 {[%clk 0:54:21]} Ng8
{[%clk 0:54:54]} 20. Rxc6 {[%clk 0:54:08]} Kd7 {[%clk 0:54:36]} 21. Ra6 {[%clk
0:54:02]} Ne7 {[%clk 0:54:04]} 22. Rxa7 {[%clk 0:53:41]} Nc6 {[%clk 0:53:53]}
23. Ra6 {[%clk 0:53:18]} f5 {[%clk 0:53:39]} 24. Ra8 {[%clk 0:52:50]} Re6
{[%clk 0:53:07]} 25. Kd1 {[%clk 0:52:20]} Rd6+ {[%clk 0:52:55]} 26. Kc1 {[%clk
0:52:15]} Re6 {[%clk 0:52:38]} 27. Rf8 {[%clk 0:52:09]} Ne5 {[%clk 0:52:31]}
28. Bxe5 {[%clk 0:51:10]} Rxe5 {[%clk 0:52:23]} 29. Rh8 {[%clk 0:50:56]} f4
{[%clk 0:52:12]} 30. Rf8 {[%clk 0:50:44]} Re4 {[%clk 0:52:03]} 31. Rf5 {[%clk
0:50:39]} h4 {[%clk 0:51:53]} 32. Rh5 {[%clk 0:50:26]} f3 {[%clk 0:51:44]} 33.
Rf5 {[%clk 0:50:19]} Ke6 {[%clk 0:51:24]} 34. Rxf3 {[%clk 0:50:07]} Kd5 {[%clk
0:51:15]} 35. Rf7 {[%clk 0:49:39]} Re2 {[%clk 0:50:52]} 36. Kd1 {[%clk
0:49:17]} Re5 {[%clk 0:50:23]} 37. Rf4 {[%clk 0:48:58]} Re4 {[%clk 0:50:10]}
38. Rxe4 {[%clk 0:48:51]} Kxe4 {[%clk 0:50:03]} 39. a4 {[%clk 0:48:49]} Kd5
{[%clk 0:49:55]} 40. b4 {[%clk 0:48:36]} Kc6 {[%clk 0:49:49]} 41. a5 {[%clk
0:48:19]} Kb5 {[%clk 0:49:37]} 42. c4+ {[%clk 0:48:10]} Ka6 {[%clk 0:49:33]}
43. f4 {[%clk 0:47:51]} c5 {[%clk 0:49:24]} 44. bxc5 {[%clk 0:47:31]} Kb7
{[%clk 0:49:12]} 45. f5 {[%clk 0:47:27]} Kc7 {[%clk 0:49:08]} 46. f6 {[%clk
0:47:21]} Kd7 {[%clk 0:49:00]} 47. a6 {[%clk 0:47:10]} Kc6 {[%clk 0:48:56]} 48.
a7 {[%clk 0:47:03]} Kxc5 {[%clk 0:48:47]} 49. a8=Q {[%clk 0:46:56]} Kxc4 {[%clk
0:48:38]} 50. Qd8 {[%clk 0:46:48]} Kc5 {[%clk 0:48:30]} 51. f7 {[%clk 0:46:40]}
Kc6 {[%clk 0:48:19]} 52. f8=Q {[%clk 0:46:28]} Kb5 {[%clk 0:48:05]} 53. Qc7
{[%clk 0:46:17]} Ka6 {[%clk 0:47:30]} 54. Qf1# 1-0

[Event "DVM U10 2017"]
[Site "Magdeburg GER"]
[Date "2017.12.29"]
[Round "7"]
[White "Römer, Uri"]
[Black "Wähler, Joris"]
[Result "1-0"]
[Termination "normal"]
[Board "3.4"]
[WhiteElo "1028"]
[BlackElo "1049"]
[WhiteClock "00:25:42"]
[BlackClock "00:11:31"]
[WhiteTeam "SF Brackel"]
[BlackTeam "SV Roter Turm Halle 1"]
[PlyCount "117"]
[WhiteFideId "16275039"]
[BlackFideId "16299388"]
[EventCountry "GER"]
[EventRounds "7"]
[EventType "team-swiss"]
[EventDate "2017.12.27"]

1. e4 {[%clk 0:59:59]} c6 {[%clk 0:59:56]} 2. Nc3 {[%clk 0:59:33]} d5 {[%clk
0:59:50]} 3. d3 {[%clk 0:58:56]} dxe4 {[%clk 0:59:32]} 4. dxe4 {[%clk 0:58:43]}
Qxd1+ {[%clk 0:59:14]} 5. Nxd1 {[%clk 0:58:31]} e5 {[%clk 0:59:01]} 6. Nf3
{[%clk 0:58:20]} Bg4 {[%clk 0:58:33]} 7. Nxe5 {[%clk 0:57:47]} Bxd1 {[%clk
0:58:28]} 8. Kxd1 {[%clk 0:57:34]} Nf6 {[%clk 0:58:10]} 9. f3 {[%clk 0:57:15]}
Bd6 {[%clk 0:57:25]} 10. Ng4 {[%clk 0:56:55]} Nbd7 {[%clk 0:56:59]} 11. Nxf6+
{[%clk 0:56:33]} Nxf6 {[%clk 0:56:53]} 12. Bc4 {[%clk 0:54:56]} O-O {[%clk
0:56:29]} 13. h3 {[%clk 0:54:22]} Rad8 {[%clk 0:54:40]} 14. Ke2 {[%clk
0:52:54]} Bc5 {[%clk 0:53:33]} 15. Bg5 {[%clk 0:52:03]} Rfe8 {[%clk 0:52:52]}
16. Rad1 {[%clk 0:50:17]} Rxd1 {[%clk 0:51:55]} 17. Rxd1 {[%clk 0:50:04]} Nxe4
{[%clk 0:50:41]} 18. fxe4 {[%clk 0:48:44]} Rxe4+ 19. Kf3 {[%clk 0:47:28]} Rxc4
{[%clk 0:48:55]} 20. Rd8+ {[%clk 0:47:10]} Bf8 {[%clk 0:48:23]} 21. Be7 {[%clk
0:46:50]} h6 {[%clk 0:45:53]} 22. Rxf8+ {[%clk 0:46:05]} Kh7 {[%clk 0:45:46]}
23. Rxf7 Kg8 {[%clk 0:43:15]} 24. Rf8+ {[%clk 0:43:49]} Kh7 {[%clk 0:43:07]}
25. Rb8 {[%clk 0:43:28]} b6 {[%clk 0:41:44]} 26. c3 {[%clk 0:42:29]} g5 {[%clk
0:39:24]} 27. Rb7 {[%clk 0:41:54]} Rf4+ {[%clk 0:39:09]} 28. Kg3 {[%clk
0:41:07]} Kg6 {[%clk 0:38:12]} 29. Ba3 {[%clk 0:40:28]} h5 {[%clk 0:37:19]} 30.
Rxa7 {[%clk 0:39:50]} h4+ {[%clk 0:36:51]} 31. Kh2 {[%clk 0:39:32]} Kh5 {[%clk
0:34:23]} 32. Ra6 {[%clk 0:38:20]} g4 {[%clk 0:33:27]} 33. hxg4+ {[%clk
0:37:07]} Kxg4 {[%clk 0:31:57]} 34. Rxb6 {[%clk 0:36:00]} Rf2 {[%clk 0:26:23]}
35. Rxc6 {[%clk 0:35:16]} h3 {[%clk 0:26:01]} 36. Rc4+ {[%clk 0:35:04]} Kg5
{[%clk 0:24:46]} 37. Kxh3 {[%clk 0:34:40]} Rf1 {[%clk 0:24:03]} 38. Be7+ {[%clk
0:33:38]} Kg6 {[%clk 0:23:12]} 39. b4 {[%clk 0:32:55]} Rh1+ {[%clk 0:22:38]}
40. Kg3 {[%clk 0:32:38]} Ra1 {[%clk 0:20:30]} 41. b5 {[%clk 0:31:52]} Rxa2
{[%clk 0:20:08]} 42. b6 {[%clk 0:31:28]} Rb2 {[%clk 0:19:24]} 43. Rb4 {[%clk
0:31:14]} Rxb4 {[%clk 0:16:22]} 44. Bxb4 {[%clk 0:31:00]} Kf5 {[%clk 0:16:13]}
45. b7 {[%clk 0:30:44]} Ke4 {[%clk 0:15:12]} 46. b8=Q Kd3 47. Qe5 {[%clk
0:29:35]} Kc2 {[%clk 0:15:01]} 48. Qd4 {[%clk 0:28:41]} Kb3 {[%clk 0:14:14]}
49. c4 {[%clk 0:28:01]} Kxb4 {[%clk 0:14:06]} 50. c5+ {[%clk 0:27:40]} Kb5
{[%clk 0:13:55]} 51. c6 {[%clk 0:27:27]} Kxc6 {[%clk 0:12:25]} 52. Qe5 {[%clk
0:27:19]} Kb7 {[%clk 0:12:16]} 53. Qd6 {[%clk 0:26:53]} Ka8 {[%clk 0:12:10]}
54. Qb4 {[%clk 0:26:34]} Ka7 {[%clk 0:11:59]} 55. Kf4 {[%clk 0:26:24]} Ka8
{[%clk 0:11:47]} 56. Ke5 {[%clk 0:26:14]} Ka7 {[%clk 0:11:44]} 57. Kd6 {[%clk
0:25:57]} Ka8 {[%clk 0:11:37]} 58. Kc7 {[%clk 0:25:42]} Ka7 {[%clk 0:11:31]}
59. Qb7# 1-0

[Event "DVM U10 2017"]
[Site "Magdeburg GER"]
[Date "2017.12.29"]
[Round "7"]
[White "Fuhrmann, Bahne"]
[Black "Bolz, Jannis"]
[Result "0-1"]
[Termination "normal"]
[Board "4.1"]
[WhiteElo "1514"]
[BlackElo "1379"]
[WhiteClock "00:15:36"]
[BlackClock "00:20:08"]
[WhiteTeam "Hamburger SK 1"]
[BlackTeam "DJK Aufwärts St. Josef Aachen"]
[PlyCount "115"]
[WhiteFideId "16244842"]
[BlackFideId "16214897"]
[EventCountry "GER"]
[EventRounds "7"]
[EventType "team-swiss"]
[EventDate "2017.12.27"]

1. e4 {[%clk 0:59:57]} e5 {[%clk 0:59:54]} 2. Nf3 {[%clk 0:59:54]} Nc6 {[%clk
0:59:47]} 3. Bc4 {[%clk 0:59:49]} Bc5 {[%clk 0:59:36]} 4. c3 {[%clk 0:59:45]}
Nf6 {[%clk 0:59:32]} 5. d3 {[%clk 0:59:39]} a6 {[%clk 0:59:16]} 6. Bb3 {[%clk
0:59:33]} d6 {[%clk 0:59:10]} 7. O-O {[%clk 0:59:28]} Be6 {[%clk 0:59:01]} 8.
Bxe6 {[%clk 0:59:13]} fxe6 {[%clk 0:58:58]} 9. Qb3 {[%clk 0:59:05]} Qc8 {[%clk
0:58:21]} 10. Re1 {[%clk 0:56:36]} h6 {[%clk 0:57:49]} 11. Be3 {[%clk 0:56:15]}
Bxe3 {[%clk 0:56:52]} 12. fxe3 {[%clk 0:55:59]} g5 {[%clk 0:56:31]} 13. d4
{[%clk 0:55:01]} g4 {[%clk 0:53:18]} 14. Nfd2 {[%clk 0:54:34]} h5 {[%clk
0:52:17]} 15. Rf1 {[%clk 0:52:57]} O-O {[%clk 0:50:55]} 16. d5 {[%clk 0:51:46]}
exd5 {[%clk 0:50:44]} 17. exd5 {[%clk 0:51:35]} Ne7 {[%clk 0:50:36]} 18. e4
{[%clk 0:50:47]} h4 {[%clk 0:50:08]} 19. c4 {[%clk 0:50:00]} Ng6 {[%clk
0:49:24]} 20. Qe3 {[%clk 0:48:55]} Nf4 {[%clk 0:49:03]} 21. g3 {[%clk 0:48:21]}
hxg3 {[%clk 0:47:52]} 22. hxg3 {[%clk 0:47:48]} Nh3+ {[%clk 0:47:43]} 23. Kg2
{[%clk 0:47:17]} Qd7 {[%clk 0:46:33]} 24. Qh6 {[%clk 0:46:05]} Qg7 {[%clk
0:46:14]} 25. Qxg7+ {[%clk 0:45:01]} Kxg7 {[%clk 0:45:59]} 26. Nc3 {[%clk
0:44:24]} Rh8 {[%clk 0:45:55]} 27. Rf5 {[%clk 0:43:28]} Rh6 {[%clk 0:45:42]}
28. Raf1 {[%clk 0:42:37]} Rah8 {[%clk 0:45:31]} 29. Rh1 {[%clk 0:40:54]} Nf4+
{[%clk 0:45:03]} 30. gxf4 {[%clk 0:40:17]} Rxh1 {[%clk 0:44:32]} 31. Nf1 {[%clk
0:39:08]} exf4 {[%clk 0:43:54]} 32. Rxf4 {[%clk 0:38:44]} R1h3 {[%clk 0:42:43]}
33. Ne2 {[%clk 0:38:01]} Kg6 {[%clk 0:40:53]} 34. Nd4 {[%clk 0:35:09]} c6
{[%clk 0:38:21]} 35. dxc6 {[%clk 0:33:54]} bxc6 {[%clk 0:38:10]} 36. Nxc6
{[%clk 0:33:15]} R3h7 {[%clk 0:36:18]} 37. b4 {[%clk 0:31:04]} Rc7 {[%clk
0:35:46]} 38. Na5 {[%clk 0:30:42]} Re7 {[%clk 0:33:34]} 39. Ng3 {[%clk
0:29:29]} Re5 {[%clk 0:32:22]} 40. Nc6 {[%clk 0:28:42]} Ree8 {[%clk 0:31:22]}
41. Nd4 {[%clk 0:27:40]} Rc8 {[%clk 0:29:54]} 42. c5 {[%clk 0:25:16]} dxc5
{[%clk 0:29:39]} 43. bxc5 {[%clk 0:25:04]} Rxc5 {[%clk 0:29:35]} 44. Ngf5
{[%clk 0:24:39]} Ra5 {[%clk 0:28:01]} 45. Rf2 {[%clk 0:24:01]} Nxe4 {[%clk
0:27:21]} 46. Ne7+ {[%clk 0:23:03]} Kh5 {[%clk 0:25:53]} 47. Rf5+ {[%clk
0:22:14]} Rxf5 {[%clk 0:25:46]} 48. Nexf5 {[%clk 0:21:59]} Rb8 {[%clk 0:25:29]}
49. Nb3 {[%clk 0:21:34]} Rc8 {[%clk 0:24:56]} 50. Nfd4 {[%clk 0:21:17]} Rf8
{[%clk 0:23:55]} 51. a4 {[%clk 0:19:58]} Rf2+ {[%clk 0:23:42]} 52. Kg1 {[%clk
0:19:50]} g3 {[%clk 0:23:15]} 53. Ne6 {[%clk 0:19:05]} g2 {[%clk 0:22:40]} 54.
Nbc5 {[%clk 0:18:20]} Nxc5 {[%clk 0:20:46]} 55. Nxc5 {[%clk 0:18:06]} Ra2
{[%clk 0:20:33]} 56. Nxa6 {[%clk 0:17:27]} Kg4 {[%clk 0:20:30]} 57. Nb4 {[%clk
0:16:10]} Rd2 {[%clk 0:20:08]} 58. Nc6 {[%clk 0:15:36]} 0-1

[Event "DVM U10 2017"]
[Site "Magdeburg GER"]
[Date "2017.12.29"]
[Round "7"]
[White "Aravindan, Midhulan"]
[Black "Brandstrup, Luca Alexander"]
[Result "0-1"]
[Termination "normal"]
[Board "4.2"]
[WhiteElo "1487"]
[BlackElo "1149"]
[WhiteClock "00:47:41"]
[BlackClock "00:49:58"]
[WhiteTeam "DJK Aufwärts St. Josef Aachen"]
[BlackTeam "Hamburger SK 1"]
[PlyCount "60"]
[WhiteFideId "16237250"]
[BlackFideId "16244990"]
[EventCountry "GER"]
[EventRounds "7"]
[EventType "team-swiss"]
[EventDate "2017.12.27"]

1. e4 {[%clk 0:59:55]} e5 {[%clk 0:59:55]} 2. Nf3 {[%clk 0:59:55]} Nc6 {[%clk
0:59:55]} 3. Bb5 {[%clk 0:59:55]} Bc5 {[%clk 0:59:55]} 4. O-O {[%clk 0:59:55]}
Nf6 {[%clk 0:59:27]} 5. Nc3 {[%clk 0:59:25]} d5 {[%clk 0:59:16]} 6. exd5 {[%clk
0:58:44]} Nxd5 {[%clk 0:59:08]} 7. Nxe5 Nxc3 {[%clk 0:58:25]} 8. Bxc6+ {[%clk
0:58:06]} bxc6 {[%clk 0:58:04]} 9. Nxc6 {[%clk 0:57:58]} Nxd1 {[%clk 0:57:30]}
10. Nxd8 {[%clk 0:57:55]} Kxd8 {[%clk 0:57:20]} 11. Rxd1 {[%clk 0:57:49]} Re8
{[%clk 0:56:41]} 12. d4 {[%clk 0:57:25]} Bb6 {[%clk 0:56:22]} 13. Be3 {[%clk
0:56:53]} Bg4 {[%clk 0:56:04]} 14. Re1 {[%clk 0:56:31]} Kd7 15. h3 {[%clk
0:56:11]} Bh5 {[%clk 0:55:23]} 16. a4 {[%clk 0:55:57]} a5 {[%clk 0:55:16]} 17.
c4 {[%clk 0:55:28]} Re7 {[%clk 0:55:05]} 18. c5 {[%clk 0:55:03]} Ba7 {[%clk
0:54:59]} 19. Rac1 {[%clk 0:54:33]} c6 {[%clk 0:54:43]} 20. Rc3 {[%clk
0:52:51]} f5 {[%clk 0:54:22]} 21. Rec1 {[%clk 0:51:55]} Rae8 {[%clk 0:54:11]}
22. Rb3 {[%clk 0:51:07]} Kc8 {[%clk 0:53:14]} 23. Kf1 {[%clk 0:50:46]} Bf7
{[%clk 0:52:30]} 24. Rbc3 {[%clk 0:50:24]} Bd5 {[%clk 0:51:04]} 25. f3 {[%clk
0:49:45]} Rxe3 {[%clk 0:50:26]} 26. Rxe3 {[%clk 0:48:53]} Rxe3 {[%clk 0:50:18]}
27. Rc3 {[%clk 0:48:41]} Rxc3 {[%clk 0:50:11]} 28. bxc3 {[%clk 0:48:38]} Bb3
{[%clk 0:50:04]} 29. Ke1 {[%clk 0:47:57]} Bxa4 {[%clk 0:49:58]} 30. Kd2 {[%clk
0:47:41]} Bb8 0-1